The Strengthening Effect of the Innovative Environment on Tourism Performance

Ekonomický rast odvetví je podmienený ich inovatívnosťou. Cestovný ruch ako reprezentant produkcie s nízkou znalostnou intenzitou môže stále profitovať zo synergických efektov spolupráce v rámci inovačného prostredia. Podpora inovácií v odvetví cestovného ruchu je poháňaná meniacimi sa potrebami zák...

ver descrição completa

Na minha lista:
Detalhes bibliográficos
Autor principal: Horská, Henrieta, 1998-
Outros Autores: Horský, Jerguš, 1998-
Formato: Capítulo de Livro
Idioma:inglês
Assuntos:
Tags: Adicionar Tag
Sem tags, seja o primeiro a adicionar uma tag!

MARC

LEADER 00000naa$a2200000$$$4500
001 0313797
005 20260105104842.3
041 0 |a eng 
044 |a CZ 
245 1 0 |a The Strengthening Effect of the Innovative Environment on Tourism Performance  |c Henrieta Horská, Jerguš Horský 
520 |a Ekonomický rast odvetví je podmienený ich inovatívnosťou. Cestovný ruch ako reprezentant produkcie s nízkou znalostnou intenzitou môže stále profitovať zo synergických efektov spolupráce v rámci inovačného prostredia. Podpora inovácií v odvetví cestovného ruchu je poháňaná meniacimi sa potrebami zákazníkov, konkurenčným tlakom a ambíciami spoločností v oblasti udržateľnosti. Analýza vzťahu medzi investíciami do výskumu a vývoja a produktivitou práce v odvetví cestovného ruchu. Posúdenie širšieho vplyvu inovácií na výkonnosť v rámci odvetvia. Výsledky potvrdzujú, že výdavky na výskum a vývoj pozitívne ovplyvňujú produktivitu práce v cestovnom ruchu. Hospodársky rast cestovného ruchu teda závisí od kvality inovačného prostredia. Kritickými predpokladmi sú schopnosť subjektov cestovného ruchu rozpoznať potrebu zmeny a využiť synergické efekty zo spolupráce v oblasti inovácií. Účinným nástrojom na zvýšenie zavádzania inovácií v cestovnom ruchu je implementácia otvorenej inovačnej platformy. 
610 2 0 |a produktivita práce 
610 2 0 |a výskum 
610 2 0 |a vývoj 
610 2 0 |a inovácia 
610 2 0 |a regresia 
610 2 0 |a ruch cestovný 
610 2 0 |a Európska únia 
100 1 |a Horská, Henrieta, 1998- 
700 1 |a Horský, Jerguš, 1998-